Science Quiz

Random Science or Clickable Quiz

Mis-Matched Animals Quiz Stats

 Plays Quiz Updated Nov 28, 2018

Support Sporcle.
Go Orange.
Score 0/20 Timer 05:00
0 Plays Today
% Correct
Grizzly Cobra
95.1%
African Whale
94.8%
Duck-Billed Shark
94.3%
Siberian Eagle
94%
Diamondback Penguin
92.6%
Peregrine Dolphin
90.4%
Kangaroo Eel
90.1%
Giant Frog
90%
Canada Badger
88.5%
Rainbow Sheep
87.3%
% Correct
Barn Deer
87.2%
Blue-Ringed Squirrel
87.1%
Guinea Cottontail
82.2%
African Wild Camel
80.7%
Leopard Rhino
80.4%
Whooping Pigeon
78.2%
Florida Ox
70.2%
Snowy Toad
69%
Wood Condor
67.8%
Thomson's Wolf
66.9%

You're not logged in!

Compare scores with friends on all Sporcle quizzes.
OR
Log In
Forgot?

From the Vault

First Word Restaurants

by lolshortee

Our apologies if this quiz makes you hungry.
Remove Ads.
Support Sporcle.
Get the best of Sporcle when you Go Orange. This ad-free experience offers more features, more stats, and more fun while also helping to support Sporcle. Thank you for becoming a member.

Show Comments

Extras

Top Quizzes Today


Score Distribution

Your Account Isn't Verified!

In order to create a playlist on Sporcle, you need to verify the email address you used during registration. Go to your Sporcle Settings to finish the process.

Report this User

Report this user for behavior that violates our Community Guidelines.

Details: